• 首页
  • 本馆介绍
  • 公告通知
  • 最新文献
  • 馆藏检索
  • 电子资源
  • 读者导购
  • 参考咨询
  • 我的图书馆
  • 登录
  • 详细信息显示
  • 放入我的书架
  • 预约/预借图书
  • 作者相关作品
  • 分类相关作品
  • 丛书相关作品
  • 出版社相关作品

书目信息

  • 表格格式
  • 工作单格式
  • 卡片格式
题名:
罗素的知识论研究
    
 
作者: 余永林 著
分册:  
出版信息: 北京   中国社会科学出版社  2016
页数: 199页
开本: 24cm
丛书名: 浙江省哲学社会科学规划后期资助课题成果文库
单 册:
中图分类: B561.54
科图分类:
主题词:
电子资源:
ISBN: 978-7-5161-8540-7
000 01242nam0 22002531 450
001 0120081932
005 20170320081932.0
010    @a978-7-5161-8540-7@dCNY49.00
100    @a20161203d2016 kemy0chiy50 ea
101 0  @achi
102    @aCN@b110000
105    @ay z 000yy
106    @ar
200 1  @a罗素的知识论研究@9luo su de zhi shi lun yan jiu@f余永林著
210    @a北京@c中国社会科学出版社@d2016
215    @a199页@d24cm
225 2  @a浙江省哲学社会科学规划后期资助课题成果文库@9zhe jiang sheng zhe xue she hui ke xue gui hua hou qi zi zhu ke ti cheng guo wen ku
330    @a罗素作为20世纪英语世界的重要思想家,况且与中国有过亲密接触,对中国当时的历史情势有卓越洞察,今天有必要厘清罗素的核心思想,重估他所信奉的作为科学的哲学。知识论无疑是罗素学术生涯的核心思想,罗素注重分析方法的运用,而语言分析和心灵分析乃是分析中的分析。分析哲学不近人情,并不意味着从事分析哲学的人远离对人类命运的思考,反而常常表现得更为直白,罗素尤其强调知识与善好生活的关联。
461  0 @12001 @a浙江省哲学社会科学规划后期资助课题成果文库
600  0 @a罗素@Aluo su@c(Russell, Bertrand@f1872-1970)@x知识论@x研究
690    @aB561.54@v5
701  0 @a余永林@9yu yong lin@4著
801  0 @aCN@bTANGWEI@c20170308
905    @b0954615-7@dB561.54@e49@f3
    
    罗素的知识论研究/余永林著.-北京:中国社会科学出版社,2016
    199页;24cm.-(浙江省哲学社会科学规划后期资助课题成果文库)
    
    
    ISBN 978-7-5161-8540-7:CNY49.00
    罗素作为20世纪英语世界的重要思想家,况且与中国有过亲密接触,对中国当时的历史情势有卓越洞察,今天有必要厘清罗素的核心思想,重估他所信奉的作为科学的哲学。知识论无疑是罗素学术生涯的核心思想,罗素注重分析方法的运用,而语言分析和心灵分析乃是分析中的分析。分析哲学不近人情,并不意味着从事分析哲学的人远离对人类命运的思考,反而常常表现得更为直白,罗素尤其强调知识与善好生活的关联。
●
相关链接 在E读中查询图书 在五车中查询图书 在当当中查询图书 在豆瓣中查询图书


正题名:罗素的知识论研究     索取号:B561.54/49         预约/预借

序号 登录号 条形码 馆藏地/架位号 状态 备注
1 0954615   209546151   第一样本阅览室/ [索取号:B561.54/49] 在馆    
2 0954616   209546160   第一借阅区/ [索取号:B561.54/49] 在馆    
3 0954617   209546179   第一借阅区/ [索取号:B561.54/49] 在馆    
唐山师范学院图书馆 欢迎您!
大连网信软件有限公司© 版权所有